[Event "VI Floripa Open 2020"]
[Site "Florianopolis"]
[Date "2020.01.20"]
[Round "1.20"]
[White "De Moura, Sergio Jovelino"]
[Black "Rodrigues, Edgar"]
[Result "0-1"]
[WhiteElo "1943"]
[BlackElo "2328"]
[Annotator "ChessBase"]
[PlyCount "116"]
[EventDate "2020.01.20"]
[EventType "swiss"]
[EventRounds "10"]
[EventCountry "BRA"]
[SourceTitle "playchess.com"]
[Source "ChessBase"]
[SourceQuality "1"]
[TimeControl "5400+30"]

1. e4 e6 2. Qe2 c5 3. Nf3 Nf6 4. d3 Be7 5. g3 d5 6. Nbd2 Nc6 7. Bg2 O-O 8. O-O dxe4 9. dxe4 e5 10. c3 Qc7 11. h3 Re8 12. Re1 Rb8 13. Nf1 h6 14. g4 Bf8 15. Ng3 b5 16. Nh4 b4 17. Qf3 Rb6 18. Nhf5 bxc3 19. bxc3 Nd8 20. Ne3 Bb7 21. Nc4 Ra6 22. Bf1 Nh7 23. Nf5 Ne6 24. Qd1 Nhg5 25. Bxg5 Nxg5 26. Bg2 g6 27. Ng3 Ne6 28. Ne3 Qe7 29. Bf1 Rd6 30. Qe2 Ng5 31. Bg2 Bg7 32. Red1 Red8 33. Rxd6 Rxd6 34. Rd1 Rxd1+ 35. Qxd1 Ne6 36. Qa4 a6 37. Qb3 Kh7 38. Qc4 Qd8 39. Bf1 Qe8 40. Nd5 Ng5 41. Bg2 Bf8 42. Ne3 Ne6 43. Bf1 Kg7 44. Nd5 Ng5 45. Bg2 Qd7 46. Ne3 Qd2 47. Nd5 Ne6 48. Qe2 Qc1+ 49. Qf1 Qb2 50. Qe2 Qb1+ 51. Kh2 Bd6 52. f3 a5 53. Nf1 Bxd5 54. exd5 Nf4 55. Qd2 a4 56. Ne3 e4 57. Nf1 e3 58. Nxe3 Ne2+ 0-1

[Event "VI Floripa Open 2020"]
[Site "Florianopolis"]
[Date "2020.01.20"]
[Round "1.21"]
[White "Oliveira, Silvio Eduardo"]
[Black "Peixoto, Rudson Marinho"]
[Result "1-0"]
[WhiteElo "2300"]
[BlackElo "1938"]
[Annotator "TA"]
[PlyCount "70"]
[EventDate "2020.01.20"]
[EventType "swiss"]
[EventRounds "10"]
[EventCountry "BRA"]
[SourceTitle "playchess.com"]
[Source "ChessBase"]
[SourceQuality "1"]

{[%evp 20,70,35,33,57,42,57,60,83,63,76,47,58,41,35,26,52,40,47,25,55,50,44,31,40,42,60,31,63,37,60,59,56,30,20,0,0,-56,0,-147,52,53,103,108,206,205,29986,-508,29987,29988,29985,29986,29986]} 1. e4 e5 2. Nf3 Nc6 3. Bb5 a6 4. Ba4 Nf6 5. O-O b5 6. Bb3 Be7 7. Re1 d6 8. c3 Na5 9. Bc2 c5 10. d4 Qc7 11. d5 Nc4 {C90: Closed Ruy Lopez with 7...d6: Early deviations} 12. a4 Nb6 13. b3 $146 ({Predecessor:} 13. Nbd2 Bd7 14. a5 Nc8 15. Nf1 O-O 16. Ng3 Bd8 17. h3 Ne7 18. Nh4 Ne8 19. Nhf5 Nxf5 20. exf5 {½-½ (73) Polzin,R (2494)-Rogic,D (2602) Austria 2011}) 13... Bg4 {White is slightly better.} 14. h3 Bh5 15. axb5 axb5 16. Rxa8+ Nxa8 17. Bd3 Qb7 18. Na3 {[%cal Bb1a3,Ba3c2,Bc2e3,Be3f5][%mdl 32]} Nc7 19. Qe2 (19. g4 {keeps more tension.} Bg6 20. g5 Nh5 21. Nh4 O-O 22. Nf5) 19... Bxf3 20. Qxf3 O-O 21. Nc2 Ra8 22. Ne3 Bf8 23. Nf5 Nce8 24. g4 Ra1 25. g5 Nd7 26. Kh2 b4 27. c4 Qa7 {Threatening ...Qa2.} 28. Rg1 (28. Rd1 $11) 28... g6 ({Black should play} 28... Qa2 $1 $15 29. Qg4 g6) 29. h4 {[#]} (29. Ne3 $11 {keeps the balance.}) 29... gxf5 $2 ({Better is} 29... Qa2 $1 $17 30. Ne3 Qxb3) 30. exf5 $14 {aiming for f6.} Bg7 31. f6 Bh8 {[#]} (31... Nf8 $16) 32. Bxh7+ $1 $18 {[%mdl 512]} Kxh7 $2 (32... Kf8 $18 33. Bf5 e4 34. Bxe4 Qa2) 33. Qh5+ {[%mdl 64] Double Attack} Kg8 {And now ...Nf8 would win.} 34. g6 Nexf6 35. gxf7+ Kf8 {Accuracy: White = 43%, Black = 23%.} 1-0

[Event "VI Floripa Open 2020"]
[Site "Florianopolis"]
[Date "2020.01.20"]
[Round "1.22"]
[White "Pertuzatti, Daniel"]
[Black "Guimaraes, Diogo Duarte"]
[Result "0-1"]
[WhiteElo "1937"]
[BlackElo "2292"]
[Annotator "ChessBase"]
[PlyCount "75"]
[EventDate "2020.01.20"]
[EventType "swiss"]
[EventRounds "10"]
[EventCountry "BRA"]
[SourceTitle "playchess.com"]
[Source "ChessBase"]
[SourceQuality "1"]
[TimeControl "5400+30"]

1. e4 e5 2. f4 d5 3. Nc3 exf4 4. Nf3 dxe4 5. Nxe4 Bf5 6. d3 Bxe4 7. dxe4 Qxd1+ 8. Kxd1 Nc6 9. Bxf4 Nf6 10. Bd3 O-O-O 11. Kc1 Bc5 12. a3 Ng4 13. Re1 f6 14. h3 Nf2 15. Kd2 Rhe8 16. Kc3 Nd4 17. Bg3 Nxf3 18. gxf3 Nxh3 19. Rh1 Ng5 20. Raf1 h6 21. Bf2 Bd6 22. Be3 Be5+ 23. Kb3 Ne6 24. f4 Bd4 25. Bxd4 Rxd4 26. Kc3 Red8 27. e5 fxe5 28. Bf5 R8d6 29. fxe5 Rc6+ 30. Kb3 Kd8 31. Rhg1 g5 32. Rh1 Rf4 33. Rxf4 gxf4 34. Ka2 Ng5 35. Rd1+ Ke7 36. b4 f3 37. Kb3 f2 38. b5 0-1

[Event "VI Floripa Open 2020"]
[Site "Florianopolis"]
[Date "2020.01.20"]
[Round "1.23"]
[White "Menna Barreto, Luiz Ney"]
[Black "Bastos, Guilherme Exterhotte"]
[Result "1-0"]
[WhiteElo "2283"]
[BlackElo "1937"]
[Annotator "ChessBase"]
[PlyCount "51"]
[EventDate "2020.01.20"]
[EventType "swiss"]
[EventRounds "10"]
[EventCountry "BRA"]
[SourceTitle "playchess.com"]
[Source "ChessBase"]
[SourceQuality "1"]
[TimeControl "5400+30"]

1. Nf3 d5 2. d4 Bf5 3. c4 e6 4. Qb3 Nc6 5. Bf4 Bd6 6. Bxd6 Qxd6 7. e3 Qb4+ 8. Qc3 Nge7 9. a3 Qxc3+ 10. Nxc3 h6 11. cxd5 exd5 12. Bb5 O-O-O 13. O-O a6 14. Be2 Rhe8 15. b4 Na7 16. a4 Rd6 17. Rfc1 Kb8 18. h3 Nac8 19. Nd2 Bh7 20. Nb3 f5 21. b5 axb5 22. axb5 Nb6 23. Nc5 Nd7 24. Rc2 Nc8 25. Rca2 Ncb6 26. Ra7 1-0

[Event "VI Floripa Open 2020"]
[Site "Florianopolis"]
[Date "2020.01.20"]
[Round "1.24"]
[White "Silva, Marcelo dos Santos"]
[Black "Goncalves, Davi Sulzbacher"]
[Result "1/2-1/2"]
[WhiteElo "1936"]
[BlackElo "2282"]
[Annotator "ChessBase"]
[PlyCount "76"]
[EventDate "2020.01.20"]
[EventType "swiss"]
[EventRounds "10"]
[EventCountry "BRA"]
[SourceTitle "playchess.com"]
[Source "ChessBase"]
[SourceQuality "1"]
[TimeControl "5400+30"]

1. c4 Nf6 2. d4 g6 3. Nc3 d5 4. Nf3 Bg7 5. Bg5 Ne4 6. Bf4 Nxc3 7. bxc3 dxc4 8. Qa4+ c6 9. Qxc4 O-O 10. e4 b5 11. Qd3 Nd7 12. Be2 Bb7 13. O-O a6 14. Rfd1 c5 15. a4 c4 16. Qc2 Nb6 17. axb5 axb5 18. Be5 f6 19. Bf4 f5 20. exf5 gxf5 21. Qd2 Nd5 22. Be5 Nf6 23. Qg5 Qd7 24. Nd2 e6 25. Rxa8 Bxa8 26. Ra1 Ne4 27. Nxe4 Bxe4 28. Ra6 Ra8 29. Rxa8+ Bxa8 30. Bxg7 Qxg7 31. Qd8+ Qf8 32. Qb6 Qe8 33. Qd6 Bd5 34. Qg3+ Qg6 35. Qb8+ Kg7 36. Qe5+ Kh6 37. Bf1 Qg5 38. Qb8 Bc6 1/2-1/2

[Event "VI Floripa Open 2020"]
[Site "Florianopolis"]
[Date "2020.01.20"]
[Round "1.25"]
[White "Matsuura, Frederico"]
[Black "Herbst Neto, Eugenio"]
[Result "1-0"]
[WhiteElo "2272"]
[BlackElo "1930"]
[Annotator "ChessBase"]
[PlyCount "61"]
[EventDate "2020.01.20"]
[EventType "swiss"]
[EventRounds "10"]
[EventCountry "BRA"]
[SourceTitle "playchess.com"]
[Source "ChessBase"]
[SourceQuality "1"]
[TimeControl "5400+30"]

1. e4 c5 2. Nc3 Nc6 3. g3 e6 4. Bg2 Nf6 5. Nge2 d6 6. O-O Be7 7. h3 O-O 8. g4 Nd4 9. Nxd4 cxd4 10. Ne2 Qb6 11. d3 d5 12. g5 Ne8 13. exd5 exd5 14. h4 Bg4 15. Bxd5 Bh3 16. Re1 Bg4 17. f3 Be6 18. Nf4 Nc7 19. Bxe6 fxe6 20. Kg2 Rf5 21. Qe2 Bb4 22. Rf1 Raf8 23. Qe4 Bd6 24. Nh5 Re5 25. Qg4 Nd5 26. f4 Re3 27. Kg1 Qc6 28. Bxe3 Nxe3 29. Qxe6+ Kh8 30. Rf2 Qc7 31. c4 1-0

[Event "VI Floripa Open 2020"]
[Site "Florianopolis"]
[Date "2020.01.20"]
[Round "1.26"]
[White "Carvalho Jr, Celestino"]
[Black "Gazel, Frederico"]
[Result "0-1"]
[WhiteElo "1928"]
[BlackElo "2267"]
[Annotator "ChessBase"]
[PlyCount "34"]
[EventDate "2020.01.20"]
[EventType "swiss"]
[EventRounds "10"]
[EventCountry "BRA"]
[SourceTitle "playchess.com"]
[Source "ChessBase"]
[SourceQuality "1"]
[TimeControl "5400+30"]

1. d4 Nf6 2. c4 e6 3. Nf3 b6 4. Nc3 Bb4 5. Bd2 Bb7 6. e3 O-O 7. Bd3 d5 8. O-O Nbd7 9. Nxd5 Nxd5 10. cxd5 Bxd2 11. dxe6 Bxf3 12. Qxd2 Qg5 13. g3 fxe6 14. Rfc1 c5 15. b4 cxd4 16. Rc7 Ne5 17. Bf1 Bd5 0-1

[Event "VI Floripa Open 2020"]
[Site "Florianopolis"]
[Date "2020.01.20"]
[Round "1.27"]
[White "Viana Da Costa, Fernando"]
[Black "Souza dos Santos, Matheus Garcett"]
[Result "1-0"]
[WhiteElo "2265"]
[BlackElo "1927"]
[Annotator "ChessBase"]
[PlyCount "103"]
[EventDate "2020.01.20"]
[EventType "swiss"]
[EventRounds "10"]
[EventCountry "BRA"]
[SourceTitle "playchess.com"]
[Source "ChessBase"]
[SourceQuality "1"]
[TimeControl "5400+30"]

1. d4 Nf6 2. Bg5 d6 3. Bxf6 gxf6 4. g3 e5 5. Bg2 h5 6. h4 Nc6 7. e3 Bd7 8. Ne2 Bh6 9. Nbc3 Ne7 10. Qd3 Bc6 11. Bxc6+ Nxc6 12. O-O-O Qd7 13. Nd5 Bg7 14. e4 O-O-O 15. Qf3 exd4 16. Nxd4 Nxd4 17. Rxd4 f5 18. Rc4 fxe4 19. Qa3 Kb8 20. Rxc7 Qb5 21. Qb3 Qxb3 22. axb3 Bd4 23. Rf1 Rhf8 24. Rc4 Be5 25. Rxe4 f5 26. Rc4 f4 27. gxf4 Bf6 28. Nxf6 Rxf6 29. Rg1 d5 30. Rd4 Rdf8 31. Rg5 Rxf4 32. Rxf4 Rxf4 33. Rxh5 d4 34. Kd2 Rxf2+ 35. Kd3 Rf4 36. Rh7 a6 37. h5 Rh4 38. h6 Ka7 39. Kc4 Rh2 40. Kd3 Rh4 41. Rh8 Kb6 42. Kc4 Rh2 43. Kxd4 Rxc2 44. Rg8 Rh2 45. Rg6+ Kb5 46. Ke5 Rxb2 47. Kf6 Rh2 48. Kg7 a5 49. h7 Rxh7+ 50. Kxh7 a4 51. bxa4+ Kxa4 52. Rb6 1-0

[Event "VI Floripa Open 2020"]
[Site "Florianopolis"]
[Date "2020.01.20"]
[Round "1.28"]
[White "Da Silva, Juliano Roberto Nery"]
[Black "De Borba, Guilherme"]
[Result "0-1"]
[WhiteElo "1927"]
[BlackElo "2263"]
[Annotator "ChessBase"]
[PlyCount "86"]
[EventDate "2020.01.20"]
[EventType "swiss"]
[EventRounds "10"]
[EventCountry "BRA"]
[SourceTitle "playchess.com"]
[Source "ChessBase"]
[SourceQuality "1"]
[TimeControl "5400+30"]

1. d4 Nf6 2. c4 e6 3. Nc3 Bb4 4. Qc2 b6 5. e4 c5 6. d5 Qe7 7. Be2 exd5 8. exd5 Qe4 9. Qxe4+ Nxe4 10. Bd2 Bxc3 11. Bxc3 Nxc3 12. bxc3 O-O 13. Kd2 d6 14. Bd3 Bg4 15. h3 Bh5 16. g4 Bg6 17. a4 Nd7 18. f4 Bxd3 19. Kxd3 f5 20. g5 Rae8 21. Ne2 Re4 22. h4 Rfe8 23. Rh2 R8e7 24. Rf1 Re3+ 25. Kd2 Kf7 26. Rg1 Rf3 27. Rhg2 Ke8 28. Rh1 Kd8 29. h5 Re4 30. h6 g6 31. a5 bxa5 32. Rg3 Rxe2+ 33. Kxe2 Rxg3 34. Ra1 Rxc3 35. Rxa5 Rxc4 36. Kf3 Rd4 37. Rxa7 Rxd5 38. Ra8+ Ke7 39. Rg8 Nf8 40. Rg7+ Ke8 41. Rc7 Rd4 42. Ke3 Re4+ 43. Kf3 Rxf4+ 0-1

[Event "VI Floripa Open 2020"]
[Site "Florianopolis"]
[Date "2020.01.20"]
[Round "1.29"]
[White "Gauche, Charles"]
[Black "Azevedo, Edmundo Roberto Ramo"]
[Result "1/2-1/2"]
[WhiteElo "2258"]
[BlackElo "1926"]
[Annotator "ChessBase"]
[PlyCount "60"]
[EventDate "2020.01.20"]
[EventType "swiss"]
[EventRounds "10"]
[EventCountry "BRA"]
[SourceTitle "playchess.com"]
[Source "ChessBase"]
[SourceQuality "1"]
[TimeControl "5400+30"]

1. e4 d5 2. exd5 Qxd5 3. Nc3 Qd8 4. d4 c6 5. Nf3 Bg4 6. Be2 e6 7. O-O Nf6 8. Bg5 Be7 9. h3 Bh5 10. Ne5 Bxe2 11. Nxe2 O-O 12. c3 h6 13. Bh4 Ne4 14. Bxe7 Qxe7 15. Qc2 Nf6 16. Ng3 Nbd7 17. Rfe1 Rad8 18. Qb3 Nxe5 19. dxe5 Nd5 20. c4 Nf4 21. Rad1 Ng6 22. Qc3 Rxd1 23. Rxd1 Rd8 24. Rxd8+ Qxd8 25. Kh2 Qc7 26. Qd4 Qxe5 27. Qd2 a6 28. b4 b5 29. c5 Qd5 30. Qxd5 cxd5 1/2-1/2

[Event "VI Floripa Open 2020"]
[Site "Florianopolis"]
[Date "2020.01.20"]
[Round "1.30"]
[White "Moyses Sobrinho, Elias"]
[Black "Filgueiras, Nathan Felipe"]
[Result "0-1"]
[WhiteElo "1926"]
[BlackElo "2257"]
[Annotator "ChessBase"]
[PlyCount "88"]
[EventDate "2020.01.20"]
[EventType "swiss"]
[EventRounds "10"]
[EventCountry "BRA"]
[SourceTitle "playchess.com"]
[Source "ChessBase"]
[SourceQuality "1"]
[TimeControl "5400+30"]

1. d4 Nf6 2. c4 e6 3. Nf3 b6 4. g3 Bb7 5. Bg2 Be7 6. O-O O-O 7. Nc3 Ne4 8. Nxe4 Bxe4 9. Nd2 Bxg2 10. Kxg2 d5 11. Qb3 Nc6 12. e3 Na5 13. Qc3 dxc4 14. Kg1 Qd5 15. e4 Qb5 16. Nf3 c5 17. d5 exd5 18. exd5 Rad8 19. Rd1 Bf6 20. Qc2 h6 21. Rb1 Rfe8 22. Bf4 Qd7 23. d6 Qc6 24. Nd2 g5 25. Be3 Rxd6 26. Nxc4 Nxc4 27. Qxc4 Rxd1+ 28. Rxd1 Qf3 29. Re1 Bd4 30. Qc1 Bxe3 31. Rxe3 Rxe3 32. fxe3 Qd5 33. a3 Qd3 34. Qe1 Qc2 35. Qa1 Qd2 36. a4 Qxe3+ 37. Kg2 Qe2+ 38. Kg1 Qe4 39. a5 b5 40. a6 Qa4 41. Qe1 Qxa6 42. Qe8+ Kg7 43. Qe5+ Qf6 44. Qxc5 Qb6 0-1

[Event "VI Floripa Open 2020"]
[Site "Florianopolis"]
[Date "2020.01.20"]
[Round "1.31"]
[White "Abdalla, Luiz Guilherme Aurel"]
[Black "Cardoso Junior, Cicero Assuncao"]
[Result "1-0"]
[WhiteElo "2248"]
[BlackElo "1920"]
[Annotator "ChessBase"]
[PlyCount "87"]
[EventDate "2020.01.20"]
[EventType "swiss"]
[EventRounds "10"]
[EventCountry "BRA"]
[SourceTitle "playchess.com"]
[Source "ChessBase"]
[SourceQuality "1"]
[TimeControl "5400+30"]

1. d4 Nf6 2. c4 e6 3. Nc3 d5 4. Nf3 Be7 5. Bf4 O-O 6. e3 c5 7. dxc5 Bxc5 8. Qc2 Qa5 9. Rd1 Bb4 10. Bd3 Bxc3+ 11. bxc3 dxc4 12. Bxc4 b6 13. Bd6 Re8 14. Bb4 Qh5 15. Nd4 Ba6 16. Be2 Bxe2 17. Qxe2 Qg5 18. O-O Nd5 19. e4 Nf4 20. Qf3 Na6 21. Bd6 Ng6 22. Qe2 Nc5 23. f4 Qf6 24. e5 Qh4 25. g3 Qh3 26. Bxc5 bxc5 27. Nb5 h5 28. Nc7 h4 29. Qg2 Qxg2+ 30. Kxg2 hxg3 31. hxg3 Ne7 32. Nxe8 Rxe8 33. Rd7 Nd5 34. Rb1 Nxc3 35. Rbb7 Rf8 36. Rxa7 Nd5 37. Ra5 c4 38. Rda7 g6 39. Ra8 Kg7 40. Rxf8 Kxf8 41. Rc5 c3 42. a4 Ke8 43. a5 Kd8 44. a6 1-0

[Event "VI Floripa Open 2020"]
[Site "Florianopolis"]
[Date "2020.01.20"]
[Round "1.32"]
[White "Soares, Gustavo Henrique"]
[Black "Miguel, Gabriel Carvalho Mor"]
[Result "0-1"]
[WhiteElo "1914"]
[BlackElo "2245"]
[Annotator "ChessBase"]
[PlyCount "102"]
[EventDate "2020.01.20"]
[EventType "swiss"]
[EventRounds "10"]
[EventCountry "BRA"]
[SourceTitle "playchess.com"]
[Source "ChessBase"]
[SourceQuality "1"]
[TimeControl "5400+30"]

1. d4 Nf6 2. Bg5 e6 3. e4 h6 4. Bxf6 Qxf6 5. c3 d6 6. f4 Qxf4 7. Bd3 g6 8. Ne2 Qh4+ 9. g3 Qe7 10. O-O Bg7 11. Nf4 O-O 12. Nd2 e5 13. Nd5 Qd8 14. dxe5 dxe5 15. Qe2 Be6 16. Ne3 Nd7 17. Bc4 Qe7 18. Bxe6 Qxe6 19. Nd5 Nf6 20. Ne3 Rad8 21. Rf2 Rxd2 22. Qxd2 Nxe4 23. Qd3 Nxf2 24. Kxf2 Qf6+ 25. Ke2 Rd8 26. Nd5 Qe6 27. Rd1 Kh8 28. Qc4 c6 29. Ne3 Qxc4+ 30. Nxc4 Rxd1 31. Kxd1 b5 32. Na5 c5 33. Nb7 Bf8 34. Nd8 f6 35. Ke2 e4 36. Nc6 a6 37. Nb8 Bd6 38. Nxa6 Kg7 39. Ke3 f5 40. b4 cxb4 41. Nxb4 Bxb4 42. cxb4 Kf6 43. Kd4 Ke6 44. h4 Kd6 45. a3 Ke6 46. g4 h5 47. g5 Kd6 48. Ke3 Ke5 49. Ke2 Kd4 50. Kd2 f4 51. Ke2 Kc4 0-1

[Event "VI Floripa Open 2020"]
[Site "Florianopolis"]
[Date "2020.01.20"]
[Round "1.33"]
[White "Zallio, Luciano de Souza"]
[Black "Andrade, Guilherme A. De Souz"]
[Result "1-0"]
[WhiteElo "2245"]
[BlackElo "1913"]
[Annotator "ChessBase"]
[PlyCount "77"]
[EventDate "2020.01.20"]
[EventType "swiss"]
[EventRounds "10"]
[EventCountry "BRA"]
[SourceTitle "playchess.com"]
[Source "ChessBase"]
[SourceQuality "1"]
[TimeControl "5400+30"]

1. d4 d5 2. Bg5 c6 3. c3 Bf5 4. Nd2 Nd7 5. e3 Ngf6 6. Be2 e6 7. h4 h5 8. b4 Qc7 9. Ngf3 Bd6 10. Rc1 Bg6 11. a4 Ne4 12. g3 Bxg3 13. Nxe4 dxe4 14. Nd2 f6 15. Rg1 Bxf2+ 16. Kxf2 fxg5 17. Kg2 g4 18. Qc2 O-O 19. Rcf1 Nf6 20. Nc4 Nd5 21. Qd2 Rxf1 22. Rxf1 Qe7 23. Kg3 Bf5 24. Ne5 Rf8 25. Bc4 Nb6 26. a5 Nd7 27. Nxd7 Qxd7 28. Qf2 Qd6+ 29. Qf4 Qxf4+ 30. Kxf4 Bh7+ 31. Ke5 Rxf1 32. Bxf1 Kf7 33. a6 b6 34. Kd6 g5 35. Kxc6 Ke7 36. Kb7 Kd8 37. Kxa7 Kc7 38. b5 gxh4 39. c4 1-0

[Event "VI Floripa Open 2020"]
[Site "Florianopolis"]
[Date "2020.01.20"]
[Round "1.34"]
[White "Tomiello, Mateus Costamilan"]
[Black "Larrea, Manuel"]
[Result "0-1"]
[WhiteElo "1912"]
[BlackElo "2235"]
[Annotator "ChessBase"]
[PlyCount "92"]
[EventDate "2020.01.20"]
[EventType "swiss"]
[EventRounds "10"]
[EventCountry "BRA"]
[SourceTitle "playchess.com"]
[Source "ChessBase"]
[SourceQuality "1"]
[TimeControl "5400+30"]

1. e4 c5 2. Nf3 Nc6 3. d4 cxd4 4. Nxd4 Nf6 5. Nc3 d6 6. Bg5 e6 7. Qd2 Be7 8. O-O-O O-O 9. f4 h6 10. Bh4 e5 11. Nf5 Bxf5 12. exf5 exf4 13. Qxf4 d5 14. Kb1 d4 15. Bxf6 Bxf6 16. Ne4 Be5 17. Qf3 Rc8 18. Bd3 Nb4 19. f6 g6 20. h4 Qd5 21. b3 Qa5 22. a4 Nxd3 23. Rxd3 Qc7 24. Rd2 Bf4 25. Re2 Rfe8 26. h5 g5 27. Rhe1 Re6 28. Qd3 Be3 29. Nf2 Qf4 30. Nd1 Rce8 31. Qb5 Qxf6 32. Qxb7 R6e7 33. Qf3 Qb6 34. Ka2 Re6 35. Nb2 Rc8 36. Rf1 Re7 37. Qf5 Rc5 38. Qd3 Rec7 39. Nc4 Rxc4 40. bxc4 Rb7 41. Qa3 Qa6 42. Rxe3 dxe3 43. Rb1 Qxc4+ 44. Ka1 Rxb1+ 45. Kxb1 Qf1+ 46. Qc1 e2 0-1

[Event "VI Floripa Open 2020"]
[Site "Florianopolis"]
[Date "2020.01.20"]
[Round "1.35"]
[White "Terao, Juliana Sayumi"]
[Black "Cerrato, Alex"]
[Result "1-0"]
[WhiteElo "2232"]
[BlackElo "1911"]
[Annotator "ChessBase"]
[PlyCount "39"]
[EventDate "2020.01.20"]
[EventType "swiss"]
[EventRounds "10"]
[EventCountry "BRA"]
[SourceTitle "playchess.com"]
[Source "ChessBase"]
[SourceQuality "1"]
[TimeControl "5400+30"]

1. e4 Nc6 2. d4 e5 3. Nf3 exd4 4. Nxd4 Bc5 5. Nb3 Bb6 6. Nc3 Nf6 7. Bg5 h6 8. Bh4 d6 9. Bb5 Bd7 10. Qe2 g5 11. Bg3 Qe7 12. O-O-O O-O-O 13. Rhe1 Rhe8 14. Kb1 a6 15. Bxa6 bxa6 16. Qxa6+ Kb8 17. Bxd6 cxd6 18. Qxb6+ Ka8 19. Nb5 Rc8 20. Rd4 1-0

[Event "VI Floripa Open 2020"]
[Site "Florianopolis"]
[Date "2020.01.20"]
[Round "1.36"]
[White "Gamarra, Ramon"]
[Black "Guimaraes, Wagner Peixoto"]
[Result "0-1"]
[WhiteElo "1904"]
[BlackElo "2230"]
[Annotator "ChessBase"]
[PlyCount "115"]
[EventDate "2020.01.20"]
[EventType "swiss"]
[EventRounds "10"]
[EventCountry "BRA"]
[SourceTitle "playchess.com"]
[Source "ChessBase"]
[SourceQuality "1"]
[TimeControl "5400+30"]

1. c4 Nf6 2. Nc3 g6 3. g3 d5 4. cxd5 Nxd5 5. Bg2 Nb6 6. Nf3 Bg7 7. O-O O-O 8. d4 Nc6 9. e3 e5 10. dxe5 Nxe5 11. Nxe5 Bxe5 12. Qe2 c6 13. e4 Be6 14. Rd1 Qe7 15. Be3 Nc4 16. Bd4 Qf6 17. Bxe5 Qxe5 18. Rd3 Qc5 19. Na4 Qb4 20. b3 Ne5 21. Rd2 Bg4 22. Qe3 Rad8 23. Rxd8 Rxd8 24. h3 Bf3 25. Nb2 Bxg2 26. Kxg2 Rd4 27. Nc4 Rd3 28. Qe2 Qc3 29. Nxe5 Qxe5 30. Qxd3 Qxa1 31. Qd8+ Kg7 32. Qa5 Qd4 33. Qe1 c5 34. Kf3 b5 35. Qe3 Qd1+ 36. Kf4 Qc2 37. Ke5 Qxa2 38. Kd5 Qc2 39. h4 h5 40. f4 a5 41. f5 a4 42. bxa4 Qc4+ 43. Kc6 bxa4 44. fxg6 Qa6+ 45. Kd5 Qb7+ 46. Kd6 Qb6+ 47. Kd7 Qe6+ 48. Kc7 Qe5+ 49. Kc6 fxg6 50. Kb5 Qb8+ 51. Kc6 Qa8+ 52. Kb6 a3 53. Qc3+ Kh7 54. Qf6 Qg8 55. Kxc5 Qg7 56. Qa6 Qe5+ 57. Kb4 Qb2+ 58. Ka4 0-1

[Event "VI Floripa Open 2020"]
[Site "Florianopolis"]
[Date "2020.01.20"]
[Round "1.37"]
[White "Do Valle Cardoso, Lucas"]
[Black "Araujo, Renan Aparecido"]
[Result "1-0"]
[WhiteElo "2228"]
[BlackElo "1903"]
[Annotator "ChessBase"]
[PlyCount "81"]
[EventDate "2020.01.20"]
[EventType "swiss"]
[EventRounds "10"]
[EventCountry "BRA"]
[SourceTitle "playchess.com"]
[Source "ChessBase"]
[SourceQuality "1"]
[TimeControl "5400+30"]

1. e4 e5 2. Nf3 Qe7 3. Nc3 c6 4. d4 d6 5. a4 Nf6 6. Bg5 h6 7. Bh4 g6 8. Bc4 Bg7 9. O-O O-O 10. Re1 Bg4 11. dxe5 dxe5 12. h3 Bxf3 13. Qxf3 Nbd7 14. Nd1 Nc5 15. Ne3 Ne6 16. c3 Ng5 17. Bxg5 hxg5 18. a5 Rad8 19. b4 Rd7 20. Bf1 Rfd8 21. Reb1 a6 22. Nc4 Nh5 23. g3 Qf6 24. Qe3 Kh7 25. Nb6 Rd6 26. Nc4 R6d7 27. Be2 Bh6 28. Qc5 Bg7 29. Rd1 Qe6 30. Rxd7 Qxd7 31. Rd1 Qc7 32. Rxd8 Qxd8 33. Nxe5 Qf6 34. Nf3 Qxc3 35. Nxg5+ Kg8 36. Qe7 Qf6 37. Qe8+ Bf8 38. Bc4 Qe7 39. Bxf7+ Kg7 40. Ne6+ Kf6 41. e5+ 1-0

[Event "VI Floripa Open 2020"]
[Site "Florianopolis"]
[Date "2020.01.20"]
[Round "1.38"]
[White "Almeida, Heidy Jose Moreira D"]
[Black "Brito, Luismar"]
[Result "1/2-1/2"]
[WhiteElo "1897"]
[BlackElo "2227"]
[Annotator "ChessBase"]
[PlyCount "90"]
[EventDate "2020.01.20"]
[EventType "swiss"]
[EventRounds "10"]
[EventCountry "BRA"]
[SourceTitle "playchess.com"]
[Source "ChessBase"]
[SourceQuality "1"]
[TimeControl "5400+30"]

1. e4 c5 2. Nf3 d6 3. d4 cxd4 4. Nxd4 Nf6 5. Nc3 a6 6. Be3 e6 7. f3 Be7 8. Qd2 Qc7 9. g4 Nc6 10. h4 Nd7 11. g5 Nde5 12. Qg2 Na5 13. O-O-O Nac4 14. Bxc4 Nxc4 15. Rd3 Bd7 16. f4 Qb6 17. Nd1 Rc8 18. Nxe6 Nxe3 19. Nxg7+ Kf8 20. Nxe3 Bb5 21. Nd5 Bxd3 22. Nxb6 Rxc2+ 23. Qxc2 Bxc2 24. Kxc2 Kxg7 25. Nd5 Bd8 26. f5 f6 27. Rg1 Kf7 28. g6+ hxg6 29. fxg6+ Kg8 30. Rg4 Rh5 31. Ne3 d5 32. exd5 Bb6 33. Kd3 Bxe3 34. Kxe3 Rxd5 35. Rd4 Rb5 36. Rd7 Rxb2 37. Kf4 Rb4+ 38. Kf5 Rxh4 39. Rd8+ Kg7 40. Rd7+ Kg8 41. Rxb7 a5 42. Ra7 Rh2 43. Kxf6 Rf2+ 44. Kg5 Rg2+ 45. Kf6 Rf2+ 1/2-1/2

[Event "VI Floripa Open 2020"]
[Site "Florianopolis"]
[Date "2020.01.20"]
[Round "1.39"]
[White "Torres, Federico"]
[Black "Resende, Paulo Sergio De"]
[Result "1-0"]
[WhiteElo "2223"]
[BlackElo "1897"]
[Annotator "ChessBase"]
[PlyCount "83"]
[EventDate "2020.01.20"]
[EventType "swiss"]
[EventRounds "10"]
[EventCountry "BRA"]
[SourceTitle "playchess.com"]
[Source "ChessBase"]
[SourceQuality "1"]
[TimeControl "5400+30"]

1. e4 c6 2. d3 g6 3. g3 Bg7 4. Bg2 d5 5. Nd2 e5 6. Ngf3 Bg4 7. h3 Be6 8. O-O Ne7 9. Re1 d4 10. Nb3 h6 11. c3 Na6 12. cxd4 exd4 13. Bd2 O-O 14. Rc1 Qb6 15. Qc2 Rfc8 16. Na5 Nb4 17. Bxb4 Qxb4 18. Nc4 b5 19. a3 Qc5 20. b4 Qh5 21. g4 Bxg4 22. hxg4 Qxg4 23. Ncd2 g5 24. Qc5 Rc7 25. Nb3 Rd8 26. Nbd2 h5 27. Qxg5 Qxg5 28. Nxg5 Ng6 29. Nh3 Bh6 30. f4 Nxf4 31. Nxf4 Bxf4 32. Rc2 f6 33. Kh1 Kf7 34. Rf1 Bd6 35. Nf3 Ke7 36. Nxd4 Be5 37. Nxc6+ Kd6 38. Nxe5 Rxc2 39. Nf7+ Ke7 40. Nxd8 Kxd8 41. Rxf6 Ke7 42. Rh6 1-0